Compendio sobre el código IMDG: código marítimo internacional de mercancías peligrosas
Saved in:
| Hovedforfatter: | |
|---|---|
| Format: | Bog |
| Sprog: | spansk |
| Udgivet: |
Cádiz
Universidad de Cádiz
1995
|
| Fag: | |
| Tags: |
Tilføj Tag
Ingen Tags, Vær først til at tagge denne postø!
|
MARC
| LEADER | 00000nam a2200000 a 4500 | ||
|---|---|---|---|
| 001 | UCP7124 | ||
| 003 | CL-VaPUC | ||
| 008 | 991203e19950000SP |||||||||||||||||spa|d | ||
| 082 | 0 | 4 | |a 343.096 |b MOR |2 21 |
| 100 | |a Moreno Isaac, Angel |e autor |9 436519 | ||
| 245 | 1 | 0 | |a Compendio sobre el código IMDG: código marítimo internacional de mercancías peligrosas |
| 300 | |a 324 p | ||
| 942 | |c BK | ||
| 945 | |d 19991203 00:00:00 |a rbrito | ||
| 260 | |a Cádiz |b Universidad de Cádiz |c 1995 | ||
| 650 | 0 | |a Transporte marítimo |9 260127 | |
| 650 | 0 | |a Derecho marítimo |9 255301 | |
| 650 | 7 | |a TRANSPORTE DE CARGA PELIGROSA |2 CL-VaPUC |9 436520 | |
| 650 | 7 | |a MERCANCIAS PELIGROSAS |2 CL-VaPUC |9 260783 | |
| 583 | |a last modification |c 19991203 00:00:00 |k Rodrigo Vera | ||
| 999 | |c 284444 |d 284442 | ||
| 952 | |0 0 |1 0 |4 0 |6 343_096000000000000_MOR_1995 |7 0 |8 A |9 328488 |a BIBING |b BIBING |d 2019-11-20 |i 3579921 |o 343.096 MOR 1995 |p 3579921 |r 2025-01-20 |w 2019-11-20 |y BK |k TRA | ||